Music Quiz

Random Music or Football Quiz

Lyrics to 'Dare (La La La)' by Shakira Quiz Stats

Quiz not verified by Sporcle

Challenge
Share
Tweet
Embed
Score 0/300 Timer 05:00
0 Plays Today
Answer % Correct
La
97.1%
la
97.1%
la
97.1%
la
97.1%
la
97.1%
La
97.1%
la
97.1%
la
97.1%
la
97.1%
la
97.1%
La
97.1%
la
97.1%
la
97.1%
la
97.1%
la
97.1%
La
97.1%
la
97.1%
la
97.1%
la
97.1%
la
97.1%
La
97.1%
la
97.1%
la
97.1%
la
97.1%
la
97.1%
La
97.1%
la
97.1%
la
97.1%
la
97.1%
la
97.1%
La
97.1%
la
97.1%
la
97.1%
la
97.1%
la
97.1%
La
97.1%
la
97.1%
la
97.1%
la
97.1%
la
97.1%
La
97.1%
la
97.1%
la
97.1%
la
97.1%
la
97.1%
La
97.1%
la
97.1%
la
97.1%
la
97.1%
la
97.1%
La
97.1%
la
97.1%
la
97.1%
la
97.1%
la
97.1%
La
97.1%
la
97.1%
la
97.1%
la
97.1%
la
97.1%
La
97.1%
la
97.1%
la
97.1%
la
97.1%
la
97.1%
La
97.1%
la
97.1%
la
97.1%
la
97.1%
la
97.1%
La
97.1%
la
97.1%
la
97.1%
la
97.1%
la
97.1%
La
97.1%
la
97.1%
la
97.1%
la
97.1%
la
97.1%
La la la la la
97.1%
La la la la la
97.1%
La la la la la
97.1%
La la la la la
97.1%
Send 'Dare (La La La)' Ringtone to your Mobile
97.1%
I
91.4%
I
91.4%
I
91.4%
I
91.4%
I
91.4%
I
91.4%
I
91.4%
I
91.4%
I
91.4%
I
91.4%
you
90.5%
you
90.5%
you
90.5%
you
90.5%
you
90.5%
Answer % Correct
you
90.5%
You're
90.5%
You
90.5%
you,
90.5%
you
90.5%
you
90.5%
you
90.5%
you
90.5%
you
90.5%
you
90.5%
the
88.6%
the
88.6%
a
88.6%
the
88.6%
the
88.6%
the
88.6%
the
88.6%
the
88.6%
the
88.6%
a
88.6%
the
88.6%
the
88.6%
the
88.6%
dare
88.1%
dare
88.1%
dare
88.1%
dare
88.1%
dare
88.1%
dare
88.1%
dare
88.1%
dare
88.1%
dare
88.1%
dare
88.1%
dare
88.1%
dare
88.1%
it
71.9%
It's
71.9%
it
71.9%
it
71.9%
It's
71.9%
it
71.9%
It's
71.9%
it
71.9%
it
71.9%
It's
71.9%
it
71.9%
It's
71.9%
to
69.5%
to
69.5%
to
69.5%
to
69.5%
to
69.5%
on
67.6%
on
67.6%
on
67.6%
on
67.6%
on
67.6%
on
67.6%
on
67.6%
Is
66.7%
Is
66.7%
Is
66.7%
me
65.7%
me?
65.7%
me
65.7%
me
65.7%
me
65.7%
me?
65.7%
me
65.7%
me?
65.7%
me
65.7%
that
59.5%
that
59.5%
that
59.5%
true
54.8%
true
54.8%
true
54.8%
love
52.9%
love
52.9%
love
52.9%
or
51.9%
or
51.9%
or
51.9%
or
51.9%
or
51.9%
of
51%
Of
51%
my
50%
kiss
50%
truth
50%
Truth
50%
my
50%
kiss
50%
truth
50%
Truth
50%
kiss
50%
truth
50%
with
49%
With
49%
With
49%
Answer % Correct
With
49%
watching
48.6%
watching
48.6%
watching
48.6%
dancefloor
46.7%
dancefloor
46.7%
dancefloor
46.7%
dancefloor
46.7%
dancefloor
46.7%
everyone
46.2%
everyone
46.2%
everyone
46.2%
your
45.2%
Your
45.2%
your
45.2%
one
44.3%
are,
43.8%
are
43.8%
are
43.8%
we
43.3%
in
43.3%
we'll
43.3%
we'll
43.3%
All
42.9%
all
42.9%
do
41%
do
41%
(Leggo,
39.5%
leggo,
39.5%
leggo,
39.5%
leggo)
39.5%
(Leggo,
39.5%
leggo)
39.5%
(Leggo,
39.5%
leggo,
39.5%
leggo,
39.5%
leggo)
39.5%
like
37.6%
Let's
36.7%
Let's
36.7%
When
36.2%
When
36.2%
life,
35.7%
too
34.3%
here
32.9%
game
32.9%
game
32.9%
was
31.9%
was
31.9%
Now
31.4%
Get
30.5%
got
30.5%
Get
30.5%
got
30.5%
up
29.5%
just
29.5%
drunk
29.5%
planet
29.5%
who's
29.5%
just
29.5%
drunk
29.5%
again
29%
again
29%
not
28.6%
eyes
28.6%
sober
28.6%
eyes
28.6%
not
28.6%
eyes
28.6%
sober
28.6%
late
27.6%
Our
27.6%
nature,
26.7%
nature,
26.7%
ready,
25.2%
ready,
25.2%
perfect
24.8%
recover,
24.8%
hangover
24.8%
know
24.8%
recover,
24.8%
hangover
24.8%
timing
23.8%
socket
23.8%
time
23.8%
time
23.8%
Hola!
22.9%
fingers
22.9%
rock
22.4%
stuck
22.4%
keeping
21.9%
Spanish
21.9%
millions
21.4%
showed
20.5%
Till
18.1%
nobody's
15.2%
business
14.8%
witness
14.8%
blue
13.8%
ain't
6.7%

You're not logged in!

Compare scores with friends on all Sporcle quizzes.
Join for Free
OR
Log In

You Might Also Like...

Show Comments

Extras

Top Quizzes Today


Score Distribution

Your Account Isn't Verified!

In order to create a playlist on Sporcle, you need to verify the email address you used during registration. Go to your Sporcle Settings to finish the process.

Report this User

Report this user for behavior that violates our Community Guidelines.

Details: